<?xml version="1.0" encoding="UTF-8"?>
<collection xmlns="http://www.loc.gov/MARC21/slim">
<record>
  <controlfield tag="001">309555</controlfield>
  <controlfield tag="005">20240928181517.0</controlfield>
  <datafield tag="035" ind1=" " ind2=" ">
    <subfield code="a">G:(GEPRIS)40158002</subfield>
  </datafield>
  <datafield tag="024" ind1="7" ind2=" ">
    <subfield code="a">G:(GEPRIS)40158002</subfield>
    <subfield code="d">40158002</subfield>
  </datafield>
  <datafield tag="040" ind1=" " ind2=" ">
    <subfield code="a">GEPRIS</subfield>
    <subfield code="c">http://gepris.its.kfa-juelich.de</subfield>
  </datafield>
  <datafield tag="150" ind1=" " ind2=" ">
    <subfield code="a">Scattering signatures of systems with a mixed phase space</subfield>
    <subfield code="y">2007 - 2014</subfield>
  </datafield>
  <datafield tag="371" ind1=" " ind2=" ">
    <subfield code="a">Professor Dr. Arnd Bäcker</subfield>
  </datafield>
  <datafield tag="450" ind1=" " ind2=" ">
    <subfield code="a">DFG project G:(GEPRIS)40158002</subfield>
    <subfield code="w">d</subfield>
    <subfield code="y">2007 - 2014</subfield>
  </datafield>
  <datafield tag="510" ind1="1" ind2=" ">
    <subfield code="a">Deutsche Forschungsgemeinschaft</subfield>
    <subfield code="0">I:(DE-588b)2007744-0</subfield>
    <subfield code="b">DFG</subfield>
  </datafield>
  <datafield tag="550" ind1=" " ind2=" ">
    <subfield code="0">G:(GEPRIS)24367642</subfield>
    <subfield code="a">FOR 760: Scattering systems with complex dynamics</subfield>
    <subfield code="w">t</subfield>
  </datafield>
  <datafield tag="680" ind1=" " ind2=" ">
    <subfield code="a">Hamiltonian systems typically show a mixed phase space, i.e. both regular and chaotic dynamics. These properties of the classical dynamics have to be reflected in the more fundamental quantum mechanical description. In addition to the rather well understood quantum properties of completely regular and fully chaotic systems, novel phenomena arise from the coexistence of regular and chaotic dynamics. A lot of progress and surprising results have been obtained for closed systems. It is the central aim of this research project to investigate scattering systems with a mixed phase space. In particular we want to obtain a quantitative understanding of dynamical tunneling rates, describing the transition from a regular island to the chaotic phase-space component, using semi-classical methods. For systems with more than two degrees of freedom with a mixed phase space we want to investigate the structure of eigenstates and scattering signatures of Arnold diffusion.</subfield>
  </datafield>
  <datafield tag="909" ind1="C" ind2="O">
    <subfield code="o">oai:juser.fz-juelich.de:976430</subfield>
    <subfield code="p">authority:GRANT</subfield>
    <subfield code="p">authority</subfield>
  </datafield>
  <datafield tag="980" ind1=" " ind2=" ">
    <subfield code="a">G</subfield>
  </datafield>
  <datafield tag="980" ind1=" " ind2=" ">
    <subfield code="a">AUTHORITY</subfield>
  </datafield>
  <datafield tag="909" ind1="C" ind2="O">
    <subfield code="o">oai:juser.fz-juelich.de:976430</subfield>
  </datafield>
</record>
</collection>